Eddie Guerrero's Championship Accolades Quiz Stats

 Plays Quiz not verified by Sporcle

Score 0/8 Timer 02:00
0 Plays Today
Number of Reigns Championships % Correct
1WWE Championship
98.5%
2WWE Intercontinental Championship
85.2%
4WWE Tag Team Championship
80.8%
2WWE European Championship
77.9%
1WWE United States Championship
77.9%
1WCW United States Heavyweight Championship
76.5%
2WCW Cruiserweight Championship
76.3%
2ECW World TV Championship
32.7%

You're not logged in!

Compare scores with friends on all Sporcle quizzes.
OR
Log In

Show Comments

Extras

Created Oct 20, 2010ReportNominate
Tags:WWE Quiz, ecw, Eddie Guerrero, wcw

Top Quizzes Today


Score Distribution

Your Account Isn't Verified!

In order to create a playlist on Sporcle, you need to verify the email address you used during registration. Go to your Sporcle Settings to finish the process.

Report this User

Report this user for behavior that violates our Community Guidelines.

Details: